| 000 | 00926nam a22002057a 4500 | ||
|---|---|---|---|
| 999 |
_c62630 _d62630 |
||
| 003 | Ge_BSU | ||
| 005 | 20241223161326.0 | ||
| 008 | 241223s1946 ge ||||| |||| 00| 0 geo d | ||
| 041 | _ageo | ||
| 080 | _a743 : 611 ნ-19 | ||
| 100 |
_aნათიშვილი, ა.ნ. _924022 |
||
| 245 |
_aპლასტიკური ანატომია / _c ა.ნ. ნათიშვილი, ა.გ. მალაევი; თბილისის სამხატვრო აკადემია. |
||
| 264 |
_aთბილისი : _b სახელგამი, _c1946. |
||
| 300 |
_a295 გვ. : _bსურ.; _c 23 სმ. |
||
| 504 | _aბიბლიოგრაფია: გვ. 292. | ||
| 653 | _aპლასტიკური ანატომია | ||
| 653 | _aმედიცინა | ||
| 700 |
_aმალაევი, ა.გ. _eავტორი. _924023 |
||
| 942 |
_2udc _cᲬᲘᲒᲜᲘ |
||